| 000 | 00477nam a2200181Ia 4500 | ||
|---|---|---|---|
| 003 | GCL | ||
| 008 | 140319s9999 xx 000 0 eng d | ||
| 040 |
_aGCL / _cGCL |
||
| 082 | 0 | 4 |
_a305.4 _bH G |
| 100 | 1 | _aHAIDER, RAANA | |
| 245 | 1 | 0 |
_aGENDER AND DEVELOPMENT / _cHAIDER, RAANA |
| 260 |
_a[S.N] : _bTHE AMERICAN UNIVERSITY IN CAIRO PRESS ، _c1996 |
||
| 300 | _a184P. | ||
| 650 | 0 | 4 | _aENVIRONMENT |
| 650 | 0 | 4 | _aDEVELOPMENT |
| 650 | 0 | 4 | _aWOMEN - EDUCATION |
| 942 |
_2ddc _cBK |
||
| 999 |
_c12092 _d12092 |
||